| 000 | 00000nam 2200000za 4500 |
| 001 | 9.810079 |
| 003 | CaOODSP |
| 005 | 20221107140759 |
| 007 | cr ||||||||||| |
| 008 | 160318s2016 xxc|||||o f|0| 0 fre d |
| 020 | |a978-0-660-04441-5 |
| 040 | |aCaOODSP|bfre |
| 043 | |an-cn--- |
| 086 | 1 |aH144-30/2016F-PDF |
| 245 | 00|aÉvaluation des risques pour la santé humaine des particules grossières |h[ressource électronique]. |
| 260 | |aOttawa : |bSanté Canada, |cc2016. |
| 300 | |axiv, 338 p. : |bfigs., tableaux, graphiques. |
| 500 | |aPublié aussi en anglais sous le titre : Human health risk assessment for coarse particulate matter. |
| 504 | |aComprend des références bibliographiques. |
| 692 | 07|2gccst|aRisque pour la santé |
| 710 | 1 |aCanada. |bSanté Canada.|bDirection générale de la santé environnementale et de la sécurité des consommateurs. |
| 775 | 08|tHuman health risk assessment for coarse particulate matter |w(CaOODSP)9.810078 |
| 856 | 40|qPDF|s3.68 Mo|uhttps://publications.gc.ca/collections/collection_2016/sc-hc/H144-30-2016-fra.pdf |